000 00464cam a22001814a 4500
005 20250605164320.0
008 250528s ||||||||||||||||||||||||d
035 _a22861
020 _a9780130156846
040 _aGR-AtMCL
_bgre
_dGR-AtMCL
_eAACR2
245 1 _aMARKETING MANAGEMENT / MARKETING MANAGEMENT
260 _aMILLENNIUM
_bPrentice Hall,
_c2000
300 _a718
700 1 _aKotler Philip
_91146
942 _cBK
999 _c7906
_d7906